| 000 | 00355 a2200157 4500 | ||
|---|---|---|---|
| 001 | 62876 | ||
| 020 | _a9788580570571 | ||
| 040 | _cAnchieta - Pituba | ||
| 100 | _aAtwater, Florence | ||
| 240 | 1 | 0 |
_aOs pinguins do Sr. Popper _lpor |
| 245 | 1 | 0 | _aOs pinguins do Sr. Popper |
| 300 | _a142 | ||
| 362 | 0 | _a2011 | |
| 650 | 4 | _aLiteratura juvenil | |
| 942 | _cBK | ||
| 999 |
_c62876 _d62876 |
||